[Event "23rd EUR-ch"]
[Site "Vrnjacka Banja SRB"]
[Date "2023.03.11"]
[Round "9.19"]
[White "Navara, David"]
[Black "Teclaf, Pawel"]
[Result "1/2-1/2"]
[WhiteElo "2685"]
[BlackElo "2568"]
[EventDate "2023.03.03"]
[PlyCount "114"]

1.e4 e5 2.Nf3 Nf6 3.Nxe5 d6 4.Nf3 Nxe4 5.d4 d5 6.Bd3 Bf5 7.O-O Be7 8.Re1 
O-O 9.Nbd2 Nd6 10.Nf1 c6 11.Bxf5 Nxf5 12.Qd3 Nd6 13.Bf4 Na6 14.h4 Nc7 15.
Ne3 Re8 16.Bxd6 Qxd6 17.Nf5 Qd8 18.Qb3 Rb8 19.Ne5 Bxh4 20.Nxh4 Qxh4 21.Nd7
Rbc8 22.Rxe8+ Nxe8 23.Qb4 Nf6 24.Qxb7 Re8 25.Nxf6+ gxf6 26.Qxa7 Re2 27.
Qb8+ Kg7 28.Qg3+ Qxg3 29.fxg3 Rxc2 30.a4 Rxb2 31.a5 Kf8 32.a6 Rb8 33.Kf2 
Ke7 34.Kf3 Kd6 35.Kf4 Ra8 36.Kf5 c5 37.dxc5+ Kxc5 38.Kxf6 d4 39.Ke5 d3 40.
Ke4 d2 41.Rd1 Rxa6 42.Rxd2 Rg6 43.Kf4 Kc6 44.g4 Rd6 45.Re2 Kd7 46.Kf5 Re6 
47.Rxe6 fxe6+ 48.Kf6 Kd6 49.g5 e5 50.Kg7 e4 51.Kxh7 e3 52.g6 e2 53.g7 e1=Q
54.g8=Q Qh1+ 55.Kg7 Qxg2+ 56.Kh8 Qxg8+ 57.Kxg8 Ke5 1/2-1/2

[Event "23rd EUR-ch"]
[Site "Vrnjacka Banja SRB"]
[Date "2023.03.11"]
[Round "9.20"]
[White "Azarov, Sergei"]
[Black "Moussard, Jules"]
[Result "1-0"]
[WhiteElo "2559"]
[BlackElo "2684"]
[EventDate "2023.03.03"]
[PlyCount "47"]

1.e4 c5 2.Nf3 d6 3.d4 cxd4 4.Nxd4 Nf6 5.Nc3 a6 6.Bg5 Nbd7 7.Bc4 Qb6 8.Bb3 
e6 9.Qd2 Be7 10.O-O-O Nc5 11.Rhe1 h6 12.Be3 Qc7 13.f3 b5 14.g4 b4 15.Na4 
Bd7 16.Nxc5 dxc5 17.Nf5 exf5 18.Bf4 Qc8 19.exf5 O-O 20.Bxh6 gxh6 21.Rxe7 
c4 22.Qxh6 cxb3 23.Qg5+ Kh7 24.Qg6+ 1-0

[Event "23rd EUR-ch"]
[Site "Vrnjacka Banja SRB"]
[Date "2023.03.11"]
[Round "9.21"]
[White "Saric, Ivan"]
[Black "Dvirnyy, Danyyil"]
[Result "1/2-1/2"]
[WhiteElo "2674"]
[BlackElo "2531"]
[EventDate "2023.03.03"]
[PlyCount "93"]

1.e4 c6 2.d4 d5 3.e5 Bf5 4.Nf3 e6 5.Be2 c5 6.Be3 cxd4 7.Nxd4 Ne7 8.Nd2 
Nbc6 9.N2f3 Bg4 10.O-O g6 11.Nxc6 Nxc6 12.Bg5 Be7 13.Bf4 Bxf3 14.Bxf3 Bg5 
15.Qd2 h6 16.Rfe1 Bxf4 17.Qxf4 Qg5 18.Qxg5 hxg5 19.c3 Ke7 20.Rad1 b5 21.
Rd3 Rh4 22.h3 Ra4 23.a3 Rc8 24.Kf1 Rc7 25.Rde3 a6 26.Bd1 Rf4 27.g3 Rc4 28.
Bb3 Rc5 29.Rd1 Rd7 30.Ba2 Rd8 31.b4 d4 32.bxc5 dxe3 33.Rxd8 Kxd8 34.f4 
gxf4 35.gxf4 Kc7 36.Ke2 Ne7 37.Kxe3 Kc6 38.Kf3 Kxc5 39.Kg4 Kc6 40.Kg5 Kd7 
41.c4 Nc6 42.Kf6 Ke8 43.h4 Kf8 44.cxb5 axb5 45.Bb1 b4 46.axb4 Nxb4 47.Be4 
1/2-1/2

[Event "23rd EUR-ch"]
[Site "Vrnjacka Banja SRB"]
[Date "2023.03.11"]
[Round "9.22"]
[White "Murzin, Volodar"]
[Black "Donchenko, Alexander"]
[Result "1/2-1/2"]
[WhiteElo "2554"]
[BlackElo "2653"]
[EventDate "2023.03.03"]
[PlyCount "49"]

1.e4 c5 2.Nf3 d6 3.d4 cxd4 4.Qxd4 Nf6 5.Nc3 Nc6 6.Bb5 Bd7 7.Bxc6 Bxc6 8.
Bg5 e6 9.O-O-O Be7 10.h4 h6 11.Bf4 O-O 12.Bxd6 Qxd6 13.Qxd6 Bxd6 14.Rxd6 
Bxe4 15.Nxe4 Nxe4 16.Rd4 f5 17.Re1 Rfd8 18.Re2 Kf7 19.Rb4 b6 20.Ne5+ Kf6 
21.Ng4+ Ke7 22.Ne3 Kf6 23.Ng4+ Ke7 24.Ne3 Kf6 25.Ng4+ 1/2-1/2

[Event "23rd EUR-ch"]
[Site "Vrnjacka Banja SRB"]
[Date "2023.03.11"]
[Round "9.23"]
[White "Petrosian, Manuel"]
[Black "Gavrilescu, David"]
[Result "1/2-1/2"]
[WhiteElo "2634"]
[BlackElo "2527"]
[EventDate "2023.03.03"]
[PlyCount "123"]

1.e4 e6 2.d4 d5 3.Nc3 Nf6 4.Bg5 dxe4 5.Nxe4 Nbd7 6.Nf3 h6 7.Bxf6 Nxf6 8.
Bd3 Nxe4 9.Bxe4 c5 10.Qe2 Qa5+ 11.c3 Be7 12.dxc5 Qxc5 13.Ne5 Bf6 14.f4 
Bxe5 15.fxe5 Bd7 16.O-O-O Bc6 17.Bxc6+ bxc6 18.g4 O-O 19.g5 h5 20.Rhe1 g6 
21.Rd6 Rab8 22.Qe4 Rfd8 23.Qd4 Qa5 24.Rd1 Rxd6 25.Qxd6 Qb6 26.Rd2 Rf8 27.
Qd4 Qa6 28.b3 Qf1+ 29.Kb2 Qe1 30.Rd1 Qe2+ 31.Rd2 Qe1 32.Rc2 a5 33.a4 c5 
34.Qxc5 Rd8 35.Qf2 Qxe5 36.Rd2 Rc8 37.Qf6 Qc7 38.Qf3 Rb8 39.h4 Re8 40.Qe4 
Rb8 41.Rd4 Qh2+ 42.Qc2 Qc7 43.Qd2 e5 44.Rd6 Rc8 45.c4 Qa7 46.Rd5 e4 47.Re5
Rb8 48.Kc2 Qb6 49.Rb5 Qa7 50.Re5 Qb6 51.Rb5 Qa7 52.Rxa5 Qc7 53.Rd5 Qg3 54.
Rd8+ Rxd8 55.Qxd8+ Kh7 56.Qd4 Qf3 57.Kd2 Qg2+ 58.Ke1 Qh1+ 59.Ke2 Qf3+ 60.
Kd2 Qg2+ 61.Kc1 Qf3 62.Kd2 1/2-1/2

[Event "23rd EUR-ch"]
[Site "Vrnjacka Banja SRB"]
[Date "2023.03.11"]
[Round "9.24"]
[White "Suleymanli, Aydin"]
[Black "Sargsian, Shant"]
[Result "1/2-1/2"]
[WhiteElo "2552"]
[BlackElo "2630"]
[EventDate "2023.03.03"]
[PlyCount "161"]

1.c4 e6 2.Nf3 d5 3.g3 Nf6 4.Bg2 Be7 5.O-O O-O 6.b3 b6 7.Bb2 Bb7 8.e3 c5 9.
Qe2 Nc6 10.Rd1 Qc7 11.Nc3 dxc4 12.bxc4 Rfd8 13.d3 a6 14.Rab1 Rab8 15.Ba1 
Na7 16.a4 Nc6 17.Ne1 Nb4 18.Bxb7 Rxb7 19.f4 Qc6 20.Qg2 Qxg2+ 21.Nxg2 Rxd3 
22.Rxd3 Nxd3 23.e4 Nd7 24.h4 h5 25.Ne3 Nb8 26.a5 Nb4 27.axb6 Nd7 28.Rb3 
Nxb6 29.Kf1 Rd7 30.Ke2 Kf8 31.Ncd1 Nc8 32.Ra3 Na7 33.Bc3 Nac6 34.Nf2 a5 
35.Ra4 Bd8 36.e5 Nd4+ 37.Kf1 Nf5 38.Nxf5 exf5 39.Ke2 f6 40.exf6 gxf6 41.
Nd1 Kf7 42.Ne3 Ke6 43.Be1 Nc6 44.Nd5 Rb7 45.Bc3 Rb1 46.Ra1 Rxa1 47.Bxa1 a4
48.Bb2 Ba5 49.Kd1 Bb4 50.Nxf6 a3 51.Ba1 Nd4 52.Nd5 Nb3 53.Bh8 a2 54.Kc2 
a1=Q 55.Bxa1 Nxa1+ 56.Kb2 Be1 57.Kxa1 Bxg3 58.Kb1 Bxh4 59.Kc2 Bg3 60.Kd3 
h4 61.Ke2 h3 62.Kf3 h2 63.Kg2 Kf7 64.Kh1 Kg6 65.Kg2 Kg7 66.Kh1 Kf7 67.Kg2 
Ke6 68.Kh1 Kd6 69.Kg2 Kc6 70.Ne7+ Kd7 71.Nd5 Kd6 72.Kh1 Kc6 73.Ne7+ Kc7 
74.Kg2 Kd8 75.Nxf5 Bxf4 76.Nh4 Kd7 77.Nf3 Ke6 78.Ne1 Kf5 79.Nd3 Bd6 80.
Nxc5 Bxc5 81.Kxh2 1/2-1/2

[Event "23rd EUR-ch"]
[Site "Vrnjacka Banja SRB"]
[Date "2023.03.11"]
[Round "9.25"]
[White "Janik, Igor"]
[Black "Kollars, Dmitrij"]
[Result "1-0"]
[WhiteElo "2527"]
[BlackElo "2618"]
[EventDate "2023.03.03"]
[PlyCount "75"]

1.d4 Nf6 2.c4 e6 3.g3 d5 4.Bg2 dxc4 5.Nf3 c6 6.Ne5 Bb4+ 7.Bd2 Be7 8.Bc3 b5
9.Nxc6 Nxc6 10.Bxc6+ Bd7 11.Bxa8 Qxa8 12.O-O b4 13.Be1 Qd5 14.f3 e5 15.e4 
Qb5 16.a4 Qb8 17.Nd2 Bh3 18.Rf2 exd4 19.Nxc4 O-O 20.Rd2 Be6 21.Rc1 Rc8 22.
Na5 Rxc1 23.Qxc1 Qb6 24.Nc6 Bc5 25.Ne5 d3+ 26.Bf2 Bxf2+ 27.Rxf2 Qd4 28.Nc6
Qb6 29.a5 Qb5 30.Nd4 Qxa5 31.Nxe6 fxe6 32.Qc4 Kf7 33.Qxd3 Qe5 34.Rd2 a5 
35.Qd6 Qg5 36.Kf2 Qb5 37.b3 h5 38.h4 1-0

[Event "23rd EUR-ch"]
[Site "Vrnjacka Banja SRB"]
[Date "2023.03.11"]
[Round "9.26"]
[White "Kuzubov, Yuriy"]
[Black "Alsina Leal, Daniel"]
[Result "1-0"]
[WhiteElo "2616"]
[BlackElo "2522"]
[EventDate "2023.03.03"]
[PlyCount "75"]

1.e4 c5 2.Nf3 e6 3.g3 Nc6 4.Bg2 Nf6 5.Qe2 e5 6.O-O Be7 7.d3 h6 8.c4 a6 9.
a4 d6 10.h3 Rb8 11.Nc3 O-O 12.Bd2 Ne8 13.Nd5 a5 14.Bc3 Nc7 15.Nd2 Nxd5 16.
exd5 Nd4 17.Bxd4 exd4 18.Rae1 Re8 19.Kh2 Bd7 20.Qd1 Qb6 21.b3 Bf8 22.h4 
Qb4 23.Bh3 f5 24.h5 Rbd8 25.Rxe8 Rxe8 26.Nf3 Be7 27.Re1 Qc3 28.Kg2 Qb2 29.
Kf1 Qc3 30.Re2 Kh8 31.Ne1 Bg5 32.Rxe8+ Bxe8 33.Bxf5 Bd2 34.Qe2 Bf7 35.Be6 
Be8 36.Qf3 Kh7 37.Qf5+ g6 38.Qf8 1-0

[Event "23rd EUR-ch"]
[Site "Vrnjacka Banja SRB"]
[Date "2023.03.11"]
[Round "9.27"]
[White "Safarli, Eltaj"]
[Black "Halkias, Stelios"]
[Result "1/2-1/2"]
[WhiteElo "2608"]
[BlackElo "2514"]
[EventDate "2023.03.03"]
[PlyCount "81"]

1.e4 c5 2.Nf3 Nc6 3.Nc3 e5 4.Bc4 d6 5.d3 h6 6.O-O Nf6 7.Nd5 Be7 8.c3 O-O 
9.h3 Nxd5 10.Bxd5 Be6 11.a3 Bxd5 12.exd5 Nb8 13.b4 Nd7 14.Rb1 Qc7 15.c4 f5
16.bxc5 dxc5 17.Re1 Rf7 18.Qb3 Rb8 19.Bb2 Bf6 20.Bc3 Re7 21.a4 Nf8 22.a5 
Ng6 23.Re3 Rbe8 24.Qa3 Nh8 25.Rb5 a6 26.Rxc5 Qd8 27.Qb2 Nf7 28.Qb6 Qd6 29.
Bb4 Qb8 30.Bc3 Rd7 31.Qb2 Qd6 32.Bb4 Qb8 33.Qe2 Kh7 34.d6 Rxd6 35.d4 e4 
36.Rxf5 exf3 37.Rxe8 fxe2 38.Rxb8 Rxd4 39.Re8 Rxc4 40.Bd2 Nd6 41.Rxf6 
1/2-1/2

[Event "23rd EUR-ch"]
[Site "Vrnjacka Banja SRB"]
[Date "2023.03.11"]
[Round "9.28"]
[White "Horvath, Dominik"]
[Black "Ivic, Velimir"]
[Result "0-1"]
[WhiteElo "2521"]
[BlackElo "2606"]
[EventDate "2023.03.03"]
[PlyCount "126"]

1.e4 c6 2.d4 d5 3.e5 Bf5 4.Nf3 e6 5.Be2 Ne7 6.O-O h6 7.Nbd2 Nd7 8.Re1 Bg6 
9.Nf1 Qc7 10.Bd3 Bxd3 11.Qxd3 c5 12.c3 Nc6 13.Bd2 Qb6 14.Rab1 Qa6 15.Qxa6 
bxa6 16.h4 Be7 17.h5 cxd4 18.cxd4 Nb6 19.Ne3 Kd7 20.Rec1 Rhc8 21.Rc2 a5 
22.Rbc1 a4 23.a3 Rab8 24.Kf1 a6 25.Kg1 Na7 26.Rxc8 Nbxc8 27.Rc2 Nc6 28.Kf1
N8a7 29.Ke2 Rb3 30.Bc1 Nb5 31.Rd2 Bd8 32.Rd3 Bb6 33.Nc2 Ke7 34.Kd2 Ke8 35.
Ke2 Kd8 36.Kd2 Ba7 37.Ke2 Ke8 38.Kd2 Kf8 39.Ke2 Ke8 40.Kd2 Ke7 41.Ke2 Bb6 
42.Kd2 g5 43.hxg6 fxg6 44.Ke2 g5 45.g4 Kf7 46.Rd1 Kg6 47.Rd3 Kh7 48.Rd1 
Kg7 49.Rd3 Kf8 50.Rd1 Kg8 51.Rd3 h5 52.gxh5 g4 53.Nfe1 Nbxd4+ 54.Nxd4 Bxd4
55.f4 gxf3+ 56.Rxf3 Nxe5 57.Rf6 Bxb2 58.Bf4 Nc6 59.Rg6+ Kf7 60.Nd3 Bf6 61.
Nc5 Rxa3 62.Nxe6 Kxe6 63.Bg5 Nd4+ 0-1

[Event "23rd EUR-ch"]
[Site "Vrnjacka Banja SRB"]
[Date "2023.03.11"]
[Round "9.29"]
[White "Djukic, Nikola"]
[Black "Iskandarov, Misratdin"]
[Result "0-1"]
[WhiteElo "2514"]
[BlackElo "2598"]
[EventDate "2023.03.03"]
[PlyCount "120"]

1.e4 c5 2.Nf3 e6 3.d4 cxd4 4.Nxd4 a6 5.Bd3 Bc5 6.Nb3 Ba7 7.Qe2 Ne7 8.Be3 
O-O 9.Nc3 b5 10.O-O Nbc6 11.Rae1 b4 12.Nd1 a5 13.f4 d5 14.e5 a4 15.Nd2 a3 
16.bxa3 Nf5 17.Bxa7 Rxa7 18.Ne3 Rxa3 19.Nxf5 exf5 20.Ra1 Ba6 21.Nb3 Qb6+ 
22.Kh1 Bxd3 23.cxd3 Nd8 24.Qf3 Ne6 25.Qxd5 Rd8 26.Qc4 g6 27.Qc2 Qe3 28.d4 
Nxd4 29.Qc5 Qc3 30.Qb6 Ne6 31.Rac1 Qd3 32.Qxb4 Rxa2 33.Qc4 Qxc4 34.Rxc4 
Rb2 35.Na5 Rdd2 36.Rc8+ Kg7 37.Nc4 Rf2 38.Rg1 Rbc2 39.Nd6 Rxc8 40.Nxc8 
Nxf4 41.Nd6 Re2 42.Ne8+ Kh6 43.Nd6 Nd3 44.h3 Nxe5 45.Rf1 Kg5 46.Nb5 Rd2 
47.Nc3 Nd3 48.Rf3 Nf4 49.Rg3+ Kh4 50.Kh2 g5 51.Nb1 Rd3 52.Rxd3 Nxd3 53.Nd2
Kh5 54.Kg3 Ne5 55.Nb3 f4+ 56.Kf2 Kg6 57.Nd4 f5 58.Ke2 Kf6 59.Kf2 g4 60.Ke2
Nf7 0-1

[Event "23rd EUR-ch"]
[Site "Vrnjacka Banja SRB"]
[Date "2023.03.11"]
[Round "9.30"]
[White "Pechac, Jergus"]
[Black "Gadimbayli, Abdulla"]
[Result "1/2-1/2"]
[WhiteElo "2598"]
[BlackElo "2507"]
[EventDate "2023.03.03"]
[PlyCount "94"]

1.e4 e6 2.Nc3 d5 3.d4 Nf6 4.e5 Nfd7 5.f4 c5 6.Nf3 Nc6 7.Be3 a6 8.Be2 cxd4 
9.Nxd4 Bc5 10.Na4 Bxd4 11.Bxd4 Nxd4 12.Qxd4 b5 13.Nc5 Nxc5 14.Qxc5 Bd7 15.
Bd3 Qh4+ 16.g3 Qe7 17.Qxe7+ Kxe7 18.Kd2 g6 19.Ke3 Rhb8 20.a3 a5 21.b3 b4 
22.axb4 Rxb4 23.Ra3 a4 24.Rha1 Bc6 25.bxa4 Rbxa4 26.Rxa4 Rxa4 27.Rxa4 Bxa4
28.Kd4 h5 29.Kc5 Bd7 30.Bb5 Bxb5 31.Kxb5 Kd7 32.Kb6 Kd8 33.Kc6 Ke7 34.Kc7 
Ke8 35.Kd6 Kd8 36.h3 Ke8 37.g4 hxg4 38.hxg4 Kd8 39.f5 gxf5 40.gxf5 exf5 
41.Kxd5 Kd7 42.Kd4 Ke6 43.Ke3 Kxe5 44.c4 Kd6 45.Kf4 Kc5 46.Kxf5 f6 47.Kxf6
Kxc4 1/2-1/2

[Event "23rd EUR-ch"]
[Site "Vrnjacka Banja SRB"]
[Date "2023.03.11"]
[Round "9.32"]
[White "Quparadze, Giga"]
[Black "Kadric, Denis"]
[Result "0-1"]
[WhiteElo "2483"]
[BlackElo "2583"]
[EventDate "2023.03.03"]
[PlyCount "80"]

1.e4 c6 2.d4 d5 3.Nc3 dxe4 4.Nxe4 Nf6 5.Nxf6+ exf6 6.c3 Bd6 7.Bd3 O-O 8.
Qc2 Re8+ 9.Ne2 h5 10.O-O h4 11.h3 Nd7 12.Be3 Nf8 13.c4 Bb8 14.Rfe1 g5 15.
Bf5 Qd6 16.Bxc8 Qh2+ 17.Kf1 Qh1+ 18.Ng1 Bh2 19.Bxb7 Ne6 20.f3 Nf4 21.Qf2 
Nh5 22.Ke2 Bg3 23.Qf1 Bxe1 24.Kd3 Rxe3+ 25.Kxe3 Re8+ 26.Kd3 Nf4+ 27.Kc2 
Nxg2 28.Kb3 Rb8 29.Rxe1 Rxb7+ 30.Ka3 Nxe1 31.Qxe1 Qh2 32.Qe8+ Kg7 33.Ne2 
Rb8 34.Qe4 Qxh3 35.Qxc6 Qe6 36.Qxe6 fxe6 37.c5 h3 38.b4 h2 39.Ng3 Kf7 40.
Kb3 Rh8 0-1

[Event "23rd EUR-ch"]
[Site "Vrnjacka Banja SRB"]
[Date "2023.03.11"]
[Round "9.33"]
[White "Sanikidze, Tornike"]
[Black "Lagarde, Maxime"]
[Result "1/2-1/2"]
[WhiteElo "2459"]
[BlackElo "2581"]
[EventDate "2023.03.03"]
[PlyCount "72"]

1.d4 Nf6 2.c4 e6 3.Nf3 b6 4.g3 Ba6 5.Qa4 c5 6.Bg2 Bb7 7.O-O cxd4 8.Nxd4 
Qc8 9.Nc3 Bxg2 10.Kxg2 Be7 11.Rd1 O-O 12.Bg5 a6 13.f3 h6 14.Bxf6 Bxf6 15.
Ne4 Be5 16.Qa3 f5 17.Nd6 Qc7 18.Nc2 Nc6 19.Rac1 b5 20.c5 b4 21.Nxb4 Nxb4 
22.Qxb4 Rab8 23.Qc4 Rxb2 24.Qxa6 Rfb8 25.a4 Ra2 26.Kf1 Rbb2 27.Re1 Kh7 28.
Nb5 Qd8 29.c6 Qg5 30.Nc3 Bxc3 31.Rxc3 dxc6 32.Qxc6 Qd2 33.Rcc1 Qe3 34.Rc3 
Qd2 35.Rcc1 Qe3 36.Rc3 Qd2 1/2-1/2

[Event "23rd EUR-ch"]
[Site "Vrnjacka Banja SRB"]
[Date "2023.03.11"]
[Round "9.34"]
[White "Lupulescu, Constantin"]
[Black "Ahmadzada, Ahmad"]
[Result "1-0"]
[WhiteElo "2580"]
[BlackElo "2487"]
[EventDate "2023.03.03"]
[PlyCount "43"]

1.d4 Nf6 2.c4 c5 3.d5 e6 4.Nc3 exd5 5.cxd5 d6 6.e4 g6 7.Be2 Bg7 8.Nf3 O-O 
9.Be3 b5 10.e5 dxe5 11.Bxc5 Re8 12.Bxb5 e4 13.Bxe8 exf3 14.Bxf7+ Kxf7 15.
Qxf3 Na6 16.Bd4 Nb4 17.O-O Nc2 18.d6 Ba6 19.Bxf6 Bxf6 20.Rac1 Nd4 21.Qd5+ 
Kg7 22.Rfd1 1-0

[Event "23rd EUR-ch"]
[Site "Vrnjacka Banja SRB"]
[Date "2023.03.11"]
[Round "9.35"]
[White "Rasulov, Vugar"]
[Black "Wojtaszek, Radoslaw"]
[Result "1/2-1/2"]
[WhiteElo "2516"]
[BlackElo "2682"]
[EventDate "2023.03.03"]
[PlyCount "87"]

1.e4 c5 2.Nf3 d6 3.d4 cxd4 4.Nxd4 Nf6 5.Nc3 a6 6.Be3 e5 7.Nb3 Be6 8.Qd2 
Be7 9.f3 h5 10.Be2 Nbd7 11.Nd5 Bxd5 12.exd5 Qc7 13.c4 a5 14.Rc1 a4 15.Na1 
Qa5 16.Nc2 Bd8 17.b4 axb3 18.axb3 Qxd2+ 19.Kxd2 Bb6 20.Ra1 Ke7 21.Bg5 Rhc8
22.b4 Ke8 23.Bd3 g6 24.h4 Nh7 25.Bh6 Ke7 26.Ke2 f5 27.Rxa8 Rxa8 28.Ra1 
Rxa1 29.Nxa1 Bd4 30.Nc2 Bc3 31.Be3 Nhf6 32.Kd1 Nb8 33.Bg5 Nd7 34.Be2 b5 
35.c5 dxc5 36.bxc5 Nxc5 37.Na3 Nb7 38.Nxb5 Bb4 39.Na7 Kf7 40.Ba6 Nd6 41.
Nc6 Nxd5 42.Nxe5+ Kg7 43.Nd3 Bc3 44.Nc5 1/2-1/2

[Event "23rd EUR-ch"]
[Site "Vrnjacka Banja SRB"]
[Date "2023.03.11"]
[Round "9.36"]
[White "Brunello, Sabino"]
[Black "Naer, Evgeny"]
[Result "1/2-1/2"]
[WhiteElo "2512"]
[BlackElo "2666"]
[EventDate "2023.03.03"]
[PlyCount "151"]

1.d4 f5 2.g3 Nf6 3.Bg2 g6 4.Nd2 Nc6 5.d5 Nb4 6.c4 Bg7 7.a3 Na6 8.Rb1 e5 9.
dxe6 dxe6 10.Ngf3 O-O 11.b4 Ng4 12.h3 Nh6 13.c5 c6 14.Nc4 Qxd1+ 15.Kxd1 
Nc7 16.Kc2 Nf7 17.Bb2 Nd5 18.Nfd2 e5 19.e4 fxe4 20.Nxe4 b6 21.Rbe1 Be6 22.
Bf1 Bf5 23.Bd3 Bxe4 24.Bxe4 bxc5 25.bxc5 Ng5 26.Rhf1 Nf3 27.Bxf3 Rxf3 28.
Nd2 Rf5 29.Ne4 Rb8 30.Rb1 Bf8 31.Ba1 Rd8 32.Rfe1 a5 33.Rb7 Rf3 34.Bb2 a4 
35.Re2 Ra8 36.Ng5 Rf5 37.Ne4 Rf3 38.Ng5 Rf5 39.Ne4 Be7 40.g4 Rf3 41.Nd2 
Rxh3 42.Rxe5 Bxc5 43.Nc4 Bf8 44.Re2 Rf3 45.Ne5 Rf4 46.f3 Re8 47.Kd2 c5 48.
Rh2 Be7 49.Rd7 Rd8 50.Rxd8+ Bxd8 51.Kd3 Be7 52.Rc2 Nb6 53.Ke3 Nd5+ 54.Kd3 
Bd6 55.Ke2 Nb6 56.Ke3 g5 57.Ke2 h6 58.Nd3 Rf7 59.Nf2 Nd5 60.Ne4 Re7 61.Kd3
Re6 62.Bc1 Nf4+ 63.Bxf4 Bxf4 64.Rc4 Rb6 65.Nxc5 Bd6 66.Nxa4 Rb3+ 67.Ke4 
Bxa3 68.Nc3 Rb4 69.Rxb4 Bxb4 70.Nd5 Ba3 71.Kf5 Kf7 72.Nb6 Bb2 73.Nc4 Bc3 
74.Nd6+ Kg7 75.Ne4 Bb4 76.Nxg5 1/2-1/2

[Event "23rd EUR-ch"]
[Site "Vrnjacka Banja SRB"]
[Date "2023.03.11"]
[Round "9.37"]
[White "Ivanchuk, Vasyl"]
[Black "Draskovic, Luka"]
[Result "1/2-1/2"]
[WhiteElo "2664"]
[BlackElo "2510"]
[EventDate "2023.03.03"]
[PlyCount "39"]

1.e4 d6 2.d4 Nf6 3.Nc3 e5 4.Nf3 Nbd7 5.Bc4 Be7 6.a4 O-O 7.O-O c6 8.h3 h6 
9.Re1 Re8 10.Be3 exd4 11.Bxd4 Nf8 12.Bf1 Ng6 13.g3 Be6 14.Bg2 d5 15.exd5 
Nxd5 16.Nxd5 Bxd5 17.c3 Qd7 18.Ne5 Nxe5 19.Bxe5 Rad8 20.Bxd5 1/2-1/2

[Event "23rd EUR-ch"]
[Site "Vrnjacka Banja SRB"]
[Date "2023.03.11"]
[Round "9.38"]
[White "Indjic, Aleksandar"]
[Black "Gines Esteo, Pedro Antonio"]
[Result "1-0"]
[WhiteElo "2636"]
[BlackElo "2500"]
[EventDate "2023.03.03"]
[PlyCount "95"]

1.d4 Nf6 2.c4 e6 3.Nc3 d5 4.cxd5 exd5 5.Bg5 c6 6.e3 Be7 7.Bd3 h6 8.Bh4 O-O
9.Bg3 Re8 10.Nf3 Nbd7 11.h3 a5 12.O-O Bf8 13.Qc2 b5 14.Rad1 Bb7 15.Bh2 Ba6
16.Rfe1 Qb6 17.Ne5 Nxe5 18.Bxe5 Nd7 19.Bf4 b4 20.Bh7+ Kh8 21.Na4 Qa7 22.
Bf5 Bb5 23.Rc1 Nf6 24.Nc5 Rad8 25.Bd3 Bxd3 26.Nxd3 Rc8 27.Qa4 c5 28.dxc5 
Bxc5 29.Qc2 Nd7 30.Red1 Qb7 31.Qa4 Bb6 32.Qb5 Nf8 33.Rc7 Rxc7 34.Bxc7 Re6 
35.Rc1 Qa7 36.Bxb6 Rxb6 37.Qxd5 Kh7 38.Qe4+ Ng6 39.Nf4 Qb7 40.Nd5 Rb5 41.
Rc5 Qd7 42.Rxb5 Qxb5 43.h4 Qe2 44.Qf5 Qxb2 45.Qxf7 h5 46.g3 a4 47.Qf5 b3 
48.Ne7 1-0

[Event "23rd EUR-ch"]
[Site "Vrnjacka Banja SRB"]
[Date "2023.03.11"]
[Round "9.39"]
[White "Petrov, Martin"]
[Black "Rakhmanov, Alexander"]
[Result "0-1"]
[WhiteElo "2505"]
[BlackElo "2635"]
[EventDate "2023.03.03"]
[PlyCount "96"]

1.e4 c5 2.Nf3 Nf6 3.e5 Nd5 4.Nc3 Nxc3 5.dxc3 Nc6 6.Bf4 Qb6 7.b3 Qc7 8.Qd2 
e6 9.h4 h6 10.h5 b6 11.O-O-O a6 12.Qe3 b5 13.c4 bxc4 14.Bxc4 Na5 15.Nd2 
Bb7 16.f3 Be7 17.Bd3 Rb8 18.Nc4 Nxc4 19.Bxc4 Bc6 20.Rh3 Bb5 21.Rg3 Qa5 22.
Bxb5 axb5 23.Qd2 Qxa2 24.Qxd7+ Kf8 25.Qc7 Re8 26.Rd7 Qa1+ 27.Kd2 c4 28.Ke2
Qb2 29.bxc4 Qxc2+ 30.Bd2 b4 31.Rg4 b3 32.Rgd4 Kg8 33.Rxe7 Rxe7 34.Qxe7 b2 
35.Rd7 Qf5 36.Rb7 b1=Q 37.Rxb1 Qxb1 38.Qe8+ Kh7 39.Qxf7 Rd8 40.Qf4 Qd3+ 
41.Ke1 Rd4 42.Qe3 Qxc4 43.Qe2 Qc2 44.g4 Kg8 45.Qe3 Rd3 46.Qf4 Qb2 47.Be3 
Qg2 48.Bc5 Rb3 0-1

[Event "23rd EUR-ch"]
[Site "Vrnjacka Banja SRB"]
[Date "2023.03.11"]
[Round "9.40"]
[White "Wieczorek, Oskar"]
[Black "Chigaev, Maxim"]
[Result "1/2-1/2"]
[WhiteElo "2505"]
[BlackElo "2632"]
[EventDate "2023.03.03"]
[PlyCount "149"]

1.e4 c5 2.Nf3 Nc6 3.Nc3 g6 4.d4 cxd4 5.Nxd4 Bg7 6.Be3 Nf6 7.Bc4 O-O 8.Bb3 
Re8 9.f3 e6 10.f4 d6 11.Ndb5 Re7 12.O-O Rd7 13.Nd4 Na5 14.Qf3 Nxb3 15.axb3
b6 16.f5 gxf5 17.exf5 Bb7 18.Qg3 e5 19.Nf3 Kh8 20.Ra4 Bxf3 21.gxf3 d5 22.
Bg5 d4 23.Ne4 Nxe4 24.fxe4 f6 25.Bd2 Rc8 26.Qd3 Qe8 27.Kh1 Qh5 28.Rc4 Rg8 
29.Qf3 Qf7 30.Rg1 Rdd8 31.Rc6 Rde8 32.Rc4 b5 33.Rc6 Qd7 34.Ra6 Qc8 35.Rxa7
Qxc2 36.Rg2 Qb1+ 37.Rg1 Qc2 38.Rg2 Ra8 39.Rxa8 Rxa8 40.h4 Ra1+ 41.Kh2 Qd1 
42.Qxd1 Rxd1 43.Bb4 Bh6 44.Rc2 Bf4+ 45.Kg2 d3 46.Rc8+ Kg7 47.Rc7+ Kg8 48.
Rd7 d2 49.Kf2 h5 50.Bc3 Rh1 51.Bxd2 Rh2+ 52.Ke1 Bxd2+ 53.Rxd2 Rxh4 54.Re2 
Kg7 55.Kd2 Kh6 56.Kc3 Kg5 57.Kb4 Rg4 58.Kxb5 h4 59.Kc5 h3 60.Kd5 Rh4 61.
Rh2 Kf4 62.Ke6 Kg3 63.Rh1 Kg2 64.Re1 h2 65.Kxf6 Rxe4 66.Rxe4 h1=Q 67.Kxe5 
Kf3 68.Rc4 Qh2+ 69.Ke6 Qb8 70.Kf6 Qe8 71.Kg7 Qe7+ 72.Kg6 Qe8+ 73.Kg7 Qe7+ 
74.Kg6 Qe8+ 75.Kg7 1/2-1/2

[Event "23rd EUR-ch"]
[Site "Vrnjacka Banja SRB"]
[Date "2023.03.11"]
[Round "9.41"]
[White "Kovalev, Vladislav"]
[Black "Druska, Juraj"]
[Result "1-0"]
[WhiteElo "2623"]
[BlackElo "2505"]
[EventDate "2023.03.03"]
[PlyCount "75"]

1.e4 c5 2.Nf3 e6 3.d4 cxd4 4.Nxd4 Nc6 5.Nc3 Nf6 6.a3 d5 7.exd5 Nxd5 8.Nxc6
bxc6 9.Ne4 f5 10.Ng5 Be7 11.c4 O-O 12.cxd5 Bxg5 13.Bxg5 Qxg5 14.dxc6 Rd8 
15.Qc2 Rd5 16.Bc4 Re5+ 17.Kf1 f4 18.h4 Qh5 19.Rh3 Rc5 20.Qe4 Qg6 21.Qxf4 
Rxc6 22.Rd1 Qf6 23.Qxf6 gxf6 24.Rd8+ Kf7 25.Rc3 Ke7 26.Rh8 Kd6 27.Rxh7 Rb8
28.b3 Ba6 29.Rd3+ Ke5 30.Bxa6 Rxa6 31.b4 Rc8 32.g3 Rc1+ 33.Kg2 Ra1 34.h5 
Kf5 35.Rf3+ Ke5 36.h6 Rc6 37.Rxa7 Rcc1 38.Ra5+ 1-0

[Event "23rd EUR-ch"]
[Site "Vrnjacka Banja SRB"]
[Date "2023.03.11"]
[Round "9.42"]
[White "Gorshtein, Ido"]
[Black "Rodshtein, Maxim"]
[Result "0-1"]
[WhiteElo "2498"]
[BlackElo "2622"]
[EventDate "2023.03.03"]
[PlyCount "48"]

1.c4 c6 2.d4 d5 3.Nc3 e6 4.e3 Nf6 5.Nf3 Nbd7 6.Be2 Bd6 7.O-O O-O 8.b3 Ne4 
9.Qc2 f5 10.Bb2 Qf6 11.Bd3 g5 12.Ne2 g4 13.Ne1 Qh6 14.g3 Ndf6 15.Nf4 Bd7 
16.a4 Rf7 17.Ba3 Rff8 18.Bb2 Rf7 19.Ba3 Bc7 20.Be2 Ng5 21.h4 gxh3 22.f3 
h2+ 23.Kh1 Bxf4 24.exf4 Nh5 0-1

[Event "23rd EUR-ch"]
[Site "Vrnjacka Banja SRB"]
[Date "2023.03.11"]
[Round "9.43"]
[White "Ter-Sahakyan, Samvel"]
[Black "Kovacevic, Aleksandar"]
[Result "1-0"]
[WhiteElo "2616"]
[BlackElo "2489"]
[EventDate "2023.03.03"]
[PlyCount "91"]

1.e4 e5 2.Nf3 Nc6 3.Bb5 Nf6 4.d3 Bc5 5.c3 O-O 6.O-O d5 7.Nbd2 dxe4 8.dxe4 
a5 9.Qe2 Qe7 10.a4 Nb8 11.Bd3 Nbd7 12.Nc4 b6 13.Bg5 h6 14.Bh4 g5 15.Bg3 
Nh5 16.Kh1 f6 17.Rfd1 Rd8 18.b4 axb4 19.cxb4 b5 20.Na5 Rxa5 21.bxa5 bxa4 
22.Rxa4 Nxg3+ 23.hxg3 Ba7 24.Bc4+ Kg7 25.Ra2 Rh8 26.Ba6 Nc5 27.Bxc8 Rxc8 
28.Nh2 h5 29.Nf1 Qe6 30.Rad2 Nb3 31.Rd7+ Kg6 32.f4 gxf4 33.gxf4 exf4 34.
Nh2 Nc5 35.R7d5 Rh8 36.Nf3 h4 37.Nd4 Nxe4 38.Nxe6 Ng3+ 39.Kh2 Nxe2 40.Re1 
c6 41.Rd8 Rxd8 42.Nxd8 Bb8 43.Nxc6 Bd6 44.Rd1 Bc7 45.Kh3 Kg5 46.Nd4 1-0

[Event "23rd EUR-ch"]
[Site "Vrnjacka Banja SRB"]
[Date "2023.03.11"]
[Round "9.44"]
[White "Bartel, Mateusz"]
[Black "Zanan, Evgeny"]
[Result "1-0"]
[WhiteElo "2609"]
[BlackElo "2485"]
[EventDate "2023.03.03"]
[PlyCount "119"]

1.e4 e5 2.Nf3 Nc6 3.d4 exd4 4.Nxd4 Nf6 5.Nxc6 bxc6 6.e5 Qe7 7.Qe2 Nd5 8.
Nd2 a5 9.c4 Nb6 10.g3 Qe6 11.Bg2 Bb4 12.O-O Ba6 13.b3 d5 14.Nf3 O-O 15.Ng5
Qg6 16.f4 f5 17.Qc2 h6 18.Nf3 dxc4 19.Rd1 cxb3 20.axb3 Rad8 21.Be3 Nd5 22.
Bc5 Bxc5+ 23.Qxc5 Be2 24.Rd4 Qe6 25.Rxa5 Bxf3 26.Bxf3 Nb6 27.Ra3 Rxd4 28.
Qxd4 Qe7 29.b4 Rd8 30.Qc5 Qxc5+ 31.bxc5 Nd5 32.Ra7 Rd7 33.Bh5 Rd8 34.Bf3 
Rd7 35.Kf2 Nb4 36.Be2 Kf8 37.Ra8+ Kf7 38.Bc4+ Nd5 39.Ra6 Ke7 40.Rxc6 Nb4 
41.Rg6 Kf8 42.Be6 Rd2+ 43.Ke3 Rd3+ 44.Ke2 Ra3 45.Bxf5 Ra2+ 46.Kf3 Nd5 47.
Bd3 Ra3 48.Ke4 Nb4 49.Bc4 Rc3 50.Kd4 Rf3 51.Bd5 Nc2+ 52.Ke4 Re3+ 53.Kf5 
Rd3 54.Bb7 Rb3 55.Bc8 Rb8 56.Bd7 Rb4 57.Ra6 Ke7 58.c6 Kf7 59.e6+ Ke7 60.
Kg6 1-0

[Event "23rd EUR-ch"]
[Site "Vrnjacka Banja SRB"]
[Date "2023.03.11"]
[Round "9.45"]
[White "Yuffa, Daniil"]
[Black "Ioannidis, Evgenios"]
[Result "1-0"]
[WhiteElo "2605"]
[BlackElo "2473"]
[EventDate "2023.03.03"]
[PlyCount "85"]

1.d4 Nf6 2.c4 e6 3.g3 d5 4.Bg2 Bb4+ 5.Bd2 Be7 6.Nf3 O-O 7.O-O c6 8.Bc3 
dxc4 9.a4 b5 10.axb5 cxb5 11.Ba5 Qe8 12.Ne5 Nd5 13.e4 Nf6 14.b3 Nc6 15.
Nxc6 Qxc6 16.d5 exd5 17.exd5 Qd6 18.bxc4 Bg4 19.Qd4 Be2 20.Na3 Qc5 21.Nxb5
Bxc4 22.d6 Qxd4 23.Nxd4 Bxd6 24.Rfd1 Rac8 25.Nc6 Bd5 26.Rxd5 Nxd5 27.Bxd5 
Rfe8 28.Rb1 Re2 29.Rb7 Rf8 30.Kf1 Rc2 31.Rd7 Bc5 32.Be1 Bb6 33.h4 g6 34.f4
h5 35.Bb4 Bc5 36.Bxc5 Rxc5 37.Ne5 Kg7 38.Kg2 Rc2+ 39.Kf3 Rd2 40.Ke3 Rd1 
41.Ke2 Rd4 42.Nf3 Rb4 43.Ng5 1-0